[Event "Ruhrgebiet Bezirksliga 17/18"]
[Site "Ruhrgebiet"]
[Date "2018.03.11"]
[Round "8.8"]
[White "Huegel, Guido"]
[Black "Bernstein, Jan"]
[Result "1-0"]
[WhiteElo "1777"]
[BlackElo "1421"]
[PlyCount "59"]
[EventDate "2017.09.03"]
[EventType "team-tourn"]
[EventRounds "9"]
[EventCountry "GER"]
[SourceTitle "EXT 2022"]
[Source "ChessBase"]
[SourceDate "2021.10.06"]
[SourceVersion "1"]
[SourceVersionDate "2021.10.06"]
[SourceQuality "1"]
[WhiteTeam "Werl Wickede SG"]
[BlackTeam "Kamen SV III"]
[WhiteTeamCountry "GER"]
[BlackTeamCountry "GER"]

1. e4 d5 2. exd5 Qxd5 3. Nc3 Qa5 4. d4 Bf5 5. Nf3 Nf6 6. Bd2 c6 7. Bc4 Qc7 8. Ne5 e6 9. g4 a6 10. gxf5 c5 11. Bf4 Bd6 12. Qe2 cxd4 13. Nd1 Nc6 14. Nxf7 Bxf4 15. Nxh8 Qa5+ 16. Kf1 Qxf5 17. Qxe6+ Qxe6 18. Bxe6 Ke7 19. Ng6+ hxg6 20. Bb3 Rf8 21. Kg2 Bd2 22. c3 Kd6 23. cxd4 Nxd4 24. Ne3 Ne4 25. Rhf1 b5 26. Rad1 Nf5 27. Rxd2+ Nxd2 28. Nxf5+ gxf5 29. Rd1 Ke5 30. Rxd2 1-0